00794cam a2200193 a 4500040000800000082002600008110001900034245009300053246005700146300005500203500005500258500002500313650002200338650002300360856003900383942001000422999001700432952015100449 cGPO a334 FAO 2017 A042 Or.1 aUnited States.10aLeaving no one behind : Addressing climate change for a world free of poverty and hunger30aIs the Federal Recovery Coordination Program working a1 online resource (iii, 57 pages) :billustrations aTitle from title screen (viewed on Oct. 20, 2009). a"Serial no. 111-15." 0aDisabled veterans 0aVeterans' families40uhttps://purl.fdlp.gov/GPO/FDLP1707 cAEDBB c21079d21079 0010406334_000000000000000_FAO_2017_A042_OR70992837aLBAbLBAcA042d2023-02-07o334 FAO 2017 A042 Or.pa071146r2023-02-07w2023-02-07yAEDBB